FLAMEPROFF EQUIPMENT (Record no. 5661)

MARC details
000 -LEADER
fixed length control field 00432nam a22001457a 4500
005 - DATE AND TIME OF LATEST TRANSACTION
control field 20171205165539.0
008 - FIXED-LENGTH DATA ELEMENTS--GENERAL INFORMATION
fixed length control field 171205b xxu||||| |||| 00| 0 eng d
020 ## - INTERNATIONAL STANDARD BOOK NUMBER
ISBN 81-9000-54-1-3
041 ## - LANGUAGE CODE
Language code of text/sound track or separate title eng
100 ## - MAIN ENTRY--AUTHOR NAME
Personal name SARKAR, DR. S.K.
245 ## - TITLE STATEMENT
Title FLAMEPROFF EQUIPMENT
Remainder of title (design construction,certification use and maintenance)
Statement of responsibility, etc DR. S.K. SARKAR
260 ## - PUBLICATION, DISTRIBUTION, ETC. (IMPRINT)
Place of publication DHANBAD
Name of publisher SCIENTIFIC MINING PUBLISHERS
300 ## - PHYSICAL DESCRIPTION
Number of Pages 168p,
942 ## - ADDED ENTRY ELEMENTS (KOHA)
Koha item type Books
Holdings
Lost status Damaged status Collection code Home library Current library Shelving location Date acquired Source of acquisition Cost, normal purchase price Accession Number Koha item type
    MINING JRU Library JRU Library SHELF-100-B 05/12/2017 PURCHESS 200.00 22274 Books
    MINING JRU Library JRU Library SHELF-100-B 05/12/2017 PURCHESS 200.00 22275 Books
    MINING JRU Library JRU Library SHELF-100-B 05/12/2017 PURCHESS 200.00 22276 Books
    MINING JRU Library JRU Library SHELF-100-B 05/12/2017 PURCHESS 200.00 22277 Books
    MINING JRU Library JRU Library SHELF-100-B 05/12/2017 PURCHESS 200.00 22278 Books